书目信息 |
| 题名: |
园中漫步
|
|
| 作者: | 何光漫 著 | |
| 分册: | ||
| 出版信息: | 西安 陕西科学技术出版社 2020 |
|
| 页数: | 251页 | |
| 开本: | 24cm | |
| 丛书名: | ||
| 单 册: | ||
| 中图分类: | G63-53 , G63 | |
| 科图分类: | ||
| 主题词: | 中学教育--文集 | |
| 电子资源: | ||
| ISBN: | 978-7-5369-7800-3 | |
| 000 | 00987nam0 2200241 450 | |
| 001 | 2365517625 | |
| 005 | 20231103181346.81 | |
| 010 | @a978-7-5369-7800-3@dCNY65.00 | |
| 100 | @a20200917d2020 em y0chiy50 ea | |
| 101 | 0 | @achi |
| 102 | @aCN@b610000 | |
| 105 | @aa z 000yy | |
| 200 | 1 | @a园中漫步@9yuan zhong man bu@e何光漫教育教学论文集@f何光漫著 |
| 210 | @a西安@c陕西科学技术出版社@d2020 | |
| 215 | @a251页@c照片@d24cm | |
| 330 | @a本书以中学语文、德育教育和班级管理视角,以教育教学论文和班级特色管理案例方式呈现教研成果,内容包括中学语文教育、中学生素质教育、中学生心理教育、中学教师道德修养、班级管理等,立体化、多维度研究分析了当前中学教师教育教学和班级管理的现状和问题,提出了对应的解决方案和措施。 | |
| 517 | 1 | @a何光漫教育教学论文集@9he guang man jiao yu jiao xue lun wen ji |
| 606 | 0 | @a中学教育@j文集 |
| 690 | @aG63-53@v5 | |
| 690 | @aG63@v4 | |
| 701 | 0 | @a何光漫@9he guang man@4著 |
| 801 | 0 | @aCN@b大连网信软件有限公司图书馆·11@c20231103 |
| 905 | @aBZT@dG63@e41 | |
| 园中漫步:何光漫教育教学论文集/何光漫著.-西安:陕西科学技术出版社,2020 |
| 251页:照片;24cm |
| ISBN 978-7-5369-7800-3:CNY65.00 |
| 本书以中学语文、德育教育和班级管理视角,以教育教学论文和班级特色管理案例方式呈现教研成果,内容包括中学语文教育、中学生素质教育、中学生心理教育、中学教师道德修养、班级管理等,立体化、多维度研究分析了当前中学教师教育教学和班级管理的现状和问题,提出了对应的解决方案和措施。 |
| ● |
| 相关链接 |
|
|
|
正题名:园中漫步
索取号:G63/41
 
预约/预借
| 序号 | 登录号 | 条形码 | 馆藏地/架位号 | 状态 | 备注 |
| 1 | 2000945005 | 2000945005 | 安徽、中教混合/安徽时代(第一批)/159/ [索取号:G63/41] | 在馆 | |
| 2 | 2000945006 | 2000945006 | 安徽、中教混合/安徽时代(第一批)/159/ [索取号:G63/41] | 在馆 | |
| 3 | 2000945007 | 2000945007 | 安徽、中教混合/安徽时代(第一批)/159/ [索取号:G63/41] | 在馆 | |
| 4 | 2000945008 | 2000945008 | 安徽、中教混合/安徽时代(第一批)/159/ [索取号:G63/41] | 在馆 | |
| 5 | 2000945009 | 2000945009 | 安徽、中教混合/安徽时代(第一批)/159/ [索取号:G63/41] | 在馆 | |
| 6 | 2000945010 | 2000945010 | 安徽、中教混合/安徽时代(第一批)/159/ [索取号:G63/41] | 在馆 |